000 00218 a2200097 4500
001 22586
100 _aAzzo, J D
245 _aFeedback Control System Analysis
260 _a
_bMcGraw-Hill
_c1966
090 _c15244
_d15244
942 _aNUST-CAE
_cM
_c5830
999 _c257659
_d257659